1988 firewood guide : Boise National Forest /

Bibliographic Details
Corporate Author: United States. Forest Service
Format: Government Document Map
Language:English
Published: [Ogden, Utah?] : The Service, [1988]
Subjects:

MARC

Tag First Indicator Second Indicator Subfields
LEADER 00000cem a2200000 a 4500
001 in00000871721
005 20151019105232.0
007 aj aanzn
008 880601s1988 utudg a f 0 eng d
010 |a gp 88013006  
034 1 |a a  |b 215000 
035 |a (OCoLC)18026778 
035 |9 AEH3709AM 
040 |a GPO  |c GPO  |d UtOrBLW 
050 0 |a 88013006 
052 |a 4272  |b B6 
074 |a 80-G 
086 0 |a A 13.28:B 63/8 
110 1 |a United States.  |b Forest Service. 
245 1 0 |a 1988 firewood guide :  |b Boise National Forest /  |c Forest Service, U.S. Department of Agriculture. 
255 |a Scale [ca. 1:215,000]. 
264 1 |a [Ogden, Utah?] :  |b The Service,  |c [1988] 
300 |a 1 map :  |b both sides ;  |c 92 x 46 cm., on sheet 58 x 76 cm., folded to 29 x 19 cm. 
336 |a cartographic image  |b cri  |2 rdacontent 
337 |a unmediated  |b n  |2 rdamedia 
338 |a sheet  |b nb  |2 rdacarrier 
500 |a Relief shown by hachures and spot heights. 
500 |a Panel title. 
500 |a Shipping list number: 88-263-P. 
500 |a Includes text and ill. 
505 0 |a North half -- South half. 
500 |a Cartographic material. 
650 0 |a Fuelwood cutting  |z Idaho  |z Boise National Forest  |x Maps. 
650 0 |a Logging  |z Idaho  |z Boise National Forest  |x Maps. 
651 0 |a Boise National Forest (Idaho)  |x Maps. 
740 0 |a Boise National Forest. 
999 |a MARS 
999 f f |s 0b708e69-3629-3871-aa95-8aaf9944d94e  |i 3f059498-1ecf-3114-a2e2-96a2c5c18d72  |t 0 
952 f f |p normal  |a Texas A&M University  |b College Station  |c Sterling C. Evans Library  |d Evans: Maps (2nd floor)  |t 0  |e G4272.B6K6 1988 .U5  |h Library of Congress classification  |i unmediated -- sheet 
998 f f |a G4272.B6K6 1988 .U5  |t 0  |l Evans: Maps (2nd floor)